000 00962nam a2200301Ia 4500
003 OSt
005 20221007123133.0
006 a|||||r|||| 00| 0
007 ta
008 221006b |||||||| |||| 00| 0 eng d
020 _a9780691155791 (hbk)
024 _a201008
037 _b1712, 20/01/2020, New India Book Agency
_cTextual
040 _aPAPL
_cPAPL
_beng
041 _2eng
_aeng
082 _aCN30, Q9-;1 Carpa
100 _aKiritsis Elias
_9716619
245 0 _aString theory in a nutshell
250 _a2
260 _aNew
_bJesrey Princeton University Press
_c2019
300 _axxiv, 855p. ill.
_ccm.
500 _aAppendixes 724-780p.; Bibliography 781-838p.; Index 839-855p.
650 _a Classical string theory
_9716620
650 _a D-Branes
_9716621
650 _aPhysics
942 _hCN30, Q9-;1 Carpa
_cTEXL
_2CC
999 _c1211426
_d1211426